Measures of farm income (Record no. 106061)

MARC details
000 -LEADER
fixed length control field 01148cam a2200205 4500
001 - CONTROL NUMBER
control field ##L135436
008 - FIXED-LENGTH DATA ELEMENTS--GENERAL INFORMATION
fixed length control field 061026n2006 000 0 eng u
035 ## - SYSTEM CONTROL NUMBER
System control number (Sirsi) u135436
041 0# - LANGUAGE CODE
Language code of text/sound track or separate title eng
050 04 - LIBRARY OF CONGRESS CALL NUMBER
Classification number 338.13 $2 22
110 1# - MAIN ENTRY--CORPORATE NAME
Corporate name or jurisdiction name as entry element United Kingdom
Subordinate unit Department for Environment, Food and Rural Affairs
245 00 - TITLE STATEMENT
Title Measures of farm income
Remainder of title a consultation by the Department for Environment, Food and Rural Affairs
260 ## - PUBLICATION, DISTRIBUTION, ETC.
Place of publication, distribution, etc. London
Name of publisher, distributor, etc. DEFRA
Date of publication, distribution, etc. 2006
520 ## - SUMMARY, ETC.
Summary, etc. Seeks views on the way farm income is measured, what activities it should cover and in particular whether Net Farm Income is still a useful headline income measure or if some alternative might be more relevant to today's needs. Farm income has for many years been the most widely quoted general indicator of the health of the farming sector. Deadline for responses is 8 January 2007.
590 ## - LOCAL NOTE (RLIN)
Local note IKA311006
651 #4 - SUBJECT ADDED ENTRY--GEOGRAPHIC NAME
Geographic name England
Chronological subdivision 886-
690 ## - LOCAL SUBJECT ADDED ENTRY--TOPICAL TERM (OCLC, RLIN)
Topical term or geographic name as entry element PROPERTY-RURAL AND NATURAL ASSETS-RURAL AND NATURAL ASSET MANAGEMENT
856 40 - ELECTRONIC LOCATION AND ACCESS
Uniform Resource Identifier <a href="https://www.defra.gov.uk/corporate/consult/farm-income/index.htm ">https://www.defra.gov.uk/corporate/consult/farm-income/index.htm </a>
Public note View the consultation free of charge at www.defra.gov.uk...
942 ## - ADDED ENTRY ELEMENTS (KOHA)
Suppress in OPAC 0
Holdings
Withdrawn status Lost status Source of classification or shelving scheme Damaged status Not for loan Home library Current library Shelving location Date acquired Total Checkouts Full call number Barcode Date last seen Copy number Price effective from Koha item type
    Dewey Decimal Classification     Virtual Virtual Online 26/10/2006   ONLINE PUBLICATION 135436-2001 06/08/2019 1 06/08/2019 Book